000 00544nam a2200193Ia 4500
003 GCL
008 140319s9999 xx 000 0 ara d
040 _aGCL /
_cGCL
082 0 4 _a230
_bم ا
100 1 _aمحمد المدنى
245 1 0 _aالاتجاهات السنية /
_cمحمد المدنى
700 1 _aمحمود امين النواواى
260 _a[S.N] :
_bالمكتبة الازهرية
300 _a279
490 _a
650 0 4 _aالاحاديث
650 0 4 _aالاحاديث القدسية
942 _2ddc
_cBK
999 _c32848
_d32848